| 000 | 00968nam a22002657a 4500 | ||
|---|---|---|---|
| 001 | BR7502990 | ||
| 003 | BR-BrBNA | ||
| 005 | 20230928084757.0 | ||
| 007 | ta | ||
| 008 | 230509b bl.||||| |||| 00| 0 por d | ||
| 040 |
_aBR-BrBNA _bpor _cBiblioteca Nacional de Agricultura |
||
| 041 | _a(Por) | ||
| 072 |
_aE70; B50 _b2120 |
||
| 090 | _ 2120 BR7502990 | ||
| 100 | 1 | _aEl-Kaien, A.C. | |
| 110 | 1 |
_aUniversidade Federal Fluminense, Niteroi, RJ (Brasil) _0Tese (Mestre em Historia) _911194 |
|
| 245 | 1 | _aAtividades capitalistas em sociedade escravista. Estudo de um caso: a Companhia da Estrada de Ferro de D. Pedro ii de 1855 a 1865 [Cafe; Historia; Transporte] | |
| 260 | 3 |
_aNiteroi, RJ (Brasil): _c1975. |
|
| 300 | _a191 p. | ||
| 500 | _aSummaries (Eng, Por). (*) Documento disponível na(o) Instituto Brasileiro do Cafe, Rio de Janeiro, RJ | ||
| 650 | _aHISTORIA | ||
| 650 | _aTRANSPORTE FERROVIARIO | ||
| 909 |
_a202309 _bLucia _c55 _dLucia Elande |
||
| 942 | _cBK | ||
| 999 |
_c21039 _d21039 |
||